000 00705nam a2200241Ia 4500
003 OSt
005 20220925215201.0
006 a|||||r|||| 00| 0
007 ta
008 220923b |||||||| |||| 00| 0 eng d
037 _cGeneral Book
040 _aRTL
_cRTL
_beng
041 _2eng
_aeng
082 _aY:4515, K5
100 _aGebhard Paul H et al...
_9282345
245 0 _aSex offenders
_b An analysis of types
260 _aLondon
_bHeinemann
_c1965
300 _axxxiv, 923p
_ccm.
500 _aBibliography p 877-82; Epilogue P 873-76
650 _aSocial Crime
_9233199
942 _hY:4515, K5
_cGB
_2CC
999 _c568140
_d568140